| 000 | 01286nam a22003497a 4500 | ||
|---|---|---|---|
| 003 | CHAP | ||
| 005 | 20220329140010.0 | ||
| 008 | 971013s1995 r 00010 d | ||
| 010 | _a45286 | ||
| 011 | _a46258 | ||
| 035 | _a50399 | ||
| 040 | _cCHAP | ||
| 090 | _aTesis | ||
| 100 | 0 | 0 |
_aVélez Pardo, Marco Antonio. _9120586 |
| 245 |
_aPlaneación regional _b: generación de un patrón de cultivos óptimo para el DDR 003 Texcoco, Estado de México |
||
| 260 |
_aChapingo, Méx. : _bEl autor, _c1995 |
||
| 300 |
_a90 h. _b; anexos |
||
| 502 | _aTesis (Lic. en Economía Agrícola) -- UACH. Departamento de Economía Agrícola | ||
| 590 |
_aALEPH _b10 _c20130110 _lUCH01 _h1315 |
||
| 590 |
_aBATCH-UPD _b10 _c20130110 _lUCH01 _h1614 |
||
| 590 |
_aBATCH-UPD _b10 _c20130410 _lUCH01 _h1009 |
||
| 590 |
_aBATCH-UPD _b10 _c20130914 _lUCH01 _h1119 |
||
| 590 |
_aCONVERSION _b10 _c20130109 _lUCH01 _h1325 |
||
| 650 | 1 | 4 |
_aCultivos _zMéxico (Edo.). _930364 |
| 650 | 1 | 4 |
_aDistrito de Desarrollo Rural Texcoco, Méx. _932816 |
| 650 | 1 | 4 |
_aPlaneación regional _zMéxico (Edo.). _988729 |
| 650 | 1 | 4 |
_aPolítica agrícola _zMéxico (Edo.). _990387 |
| 901 | _aBK | ||
| 942 | _cFOLL | ||
| 949 |
_bBC _cTES _d-113229 _eTS1 _h28118 _i50399 _si |
||
| 949 |
_bBC _cTES _d33724000006789 _eTS2 _fc.2 _h28119 _i50399 _si |
||
| 999 |
_c45286 _d45286 |
||